=LDR 00000nam 2200000 4500 =001 INLIS000000000027450 =005 20130612125827 =008 ***********************************Ind** =035 ##$$0010-061300000027450 =041 ##$$a Ind =082 ##$$a 910.07 =090 ##$$a 910.07, Mul i =100 ##$$a Mulyadi =245 ##$$a Ilmu pengetahuan sosisl geografi 3untuk SMP/MTS kelas IX, Mulyadi;Editor,Rini subilisi =260 ##$$a 2007 $b Semarang =300 ##$$a Jil, ilus, 30 cm =650 ##$$a Geografi-studi dan pengajaran =700 ##$$a Subisidi,Rini =850 ##$$a NBPNMAT